000 00711nam a2200205 i 4500
001 115528
003 ES-MaACL
007 t|
008 070314s1923 sp ||||1| spa d
080 _a621.394
100 1 _aVillaverde, Francisco.
_9115176
245 1 0 _aSistemas modernos de telegrafía /
_cpor Francisco Villaverde.
260 _aMadrid :
_bCalpe,
_c[1923]
300 _a2 v. :
_bil. ;
_c17 cm.
490 1 _aBiblioteca del electricista práctico ;
_v38,39
505 8 _aContiene: 1. El sistema múltiple Baudot y sus derivados. 2. Sistemas rápidos derivados del Morse
830 0 _aBiblioteca del electricista práctico ;
_v38,39
_9186267
852 _aES-MaACL
_jB-3771-72
999 _c115528
_d115528